000 00313nam a2200133 i 4500
001 bg
100 1 _aPIETZSCH, Wolfgang
245 0 _aProjektowanie drĂ³g i ulic /
_cWolfgang Pietzsch.
260 _aWarszawa,
_c1979.
040 _cBPK
041 _apol
942 _cKS
008 s pl f |000 0 pol
999 _c9916
_d9916
856 _uhttp://koha.tu.koszalin.pl/cgi-bin/koha/opac-detail.pl?biblionumber=9916
_yKatalog online BPK